000 00801nab a2200229u 4500
001 16699
003 HDC
007 c| |||a|c|aaaa
008 210220b20140507my ||||| |||| 00| 0 may d
040 _aHDC
245 0 _aMDeC umum 5 projek Analitis Data Besar
336 _atext
_2rdacontent
337 _acomputer
_2rdamedia
338 _aonline resource
_2rdacarrier
650 _aMalaysia Digital Economy Corporation (MDEC)
_916408
650 _aMalaysian Administrative Modernisation and Management Planning Unit (MAMPU)
_916409
710 _aBERITA HARIAN
856 _zRequest full-text at [email protected]
942 _2lcc
942 _cNEWS
942 _kNWSC 004924
999 _c14015
_d14015